| 000 | 02262nam0a2200397 4500 | ||
|---|---|---|---|
| 001 | RU\NLR\bibl\1768988 | ||
| 005 | 20260405231942.0 | ||
| 010 |
_a978-5-8465-0864-4 _bФил. фак. СПбГУ |
||
| 010 |
_a978-5-7695-6986-9 _bИзд. центр "Академия" _91000 |
||
| 021 |
_aRU _b2011-29909 _92121 |
||
| 035 | _a(nilc)RSL-KNO-004934694 | ||
| 035 | _a(NLR Aleph) 001759772 | ||
| 090 |
_a1570989 _c1570989 |
||
| 100 | _a20110425d2011 |||y0rusy50 ca | ||
| 101 | 0 |
_arus _aeng |
|
| 102 | _aRU | ||
| 105 | _ay ||||||||| | ||
| 200 | 1 |
_aЛексикология и фразеология современного английского языка _dLexicology and fraseology of modern English _eучебное пособие для студентов высших учебных заведений, обучающихся по специальности "Филология" и направлению подготовки "Филология" _fЕ. В. Иванова _gФилологический фак. Санкт-Петербургского гос. ун-та _zeng |
|
| 210 |
_aМосква _cAcademia _aСанкт-Петербург _cФилологический фак. СПбГУ _d2011 |
||
| 215 |
_a343, [1] с. _d22 |
||
| 225 | 1 |
_aВысшее профессиональное образование _iФилология |
|
| 225 | 1 | _aУчебное пособие | |
| 320 | _aБиблиогр.: с. 334-339 и в конце гл. | ||
| 510 | 1 |
_6z11790 _aLexicology and fraseology of modern English _zeng |
|
| 606 | 1 |
_aАнглийский язык _jУчебные издания для высших учебных заведений _xЛексикология _9967833 _3RU\NLR\auth\6643636 |
|
| 686 |
_aШ143.21-933.031 _2rubbk |
||
| 686 | _aШ143.21-93рус3-3 | ||
| 700 | 1 |
_4070 _8rus _7ca _aИванова _bЕ. В. _cд-р филол. наук _f1954- _gЕлизавета Васильевна _3RU\NLR\auth\7744621 _927561 |
|
| 790 | 1 |
_4070 _8rus _7ba _aIvanova _bE. V. _cд-р филол. наук _f1954- _gElizaveta Vasil'evna _3RU\NLR\auth\77105798 _988723 |
|
| 801 | 0 |
_aRU _bRuMoRKP _c20110425 _grcr |
|
| 801 | 1 |
_aRU _bРГБ _c20110425 |
|
| 801 | 2 |
_aRU _bNLR _c20110513 _grcr |
|
| 942 | _cBOOK | ||
| 980 | _aNB | ||
| 980 | _aNBR | ||